00582 2200205 4500001002100000005001500021035002000036245008600056100002600142250002000168300002600188856003600214700001200250260003400262082001000296084001600306020002200322990001600344990001600360INLIS00000000000036420200219065513 a0010-02200001091 aSehat dengan terapi refleksi dan herbal di rumah sendiri /cWinkanda satria putra0 aWinkanda satria putra aCetakan Pertama a186 hlm ;c19 x 26 cm aPerpustakaan Umum Kota Makassar0 aRose KR aYogyakarta :bKatahati,c2013 a615.8 a615.8 PUT s a978-602-1579-13-8 a00000000598 a00000000599